LIBRARY ONLINE CATALOGUE

Six modern myths challenging Christian faith / (Record no. 4760)

MARC details
000 -LEADER
fixed length control field 00609cam a22002052 4500
001 - CONTROL NUMBER
control field 0000000382
005 - DATE AND TIME OF LATEST TRANSACTION
control field 20151217151748.0
008 - FIXED-LENGTH DATA ELEMENTS--GENERAL INFORMATION
fixed length control field 070126s xx 000 0 eng d
020 ## - INTERNATIONAL STANDARD BOOK NUMBER
International Standard Book Number 0851116590 :
040 ## - CATALOGING SOURCE
Original cataloging agency KABU
Transcribing agency KABU
050 #0 - LIBRARY OF CONGRESS CALL NUMBER
Classification number BL313
Item number .S26
100 1# - MAIN ENTRY--PERSONAL NAME
Personal name Sampson, Philip.
-- 0000148548
245 10 - TITLE STATEMENT
Title Six modern myths challenging Christian faith /
Statement of responsibility, etc. Philip Sampson.
260 ## - PUBLICATION, DISTRIBUTION, ETC. (IMPRINT)
Place of publication, distribution, etc. Leicester, England :
Name of publisher, distributor, etc. Interuniversity Press,
Date of publication, distribution, etc. 2000.
300 ## - PHYSICAL DESCRIPTION
Extent 184 p.
650 #0 - SUBJECT ADDED ENTRY--TOPICAL TERM
Topical term or geographic name as entry element Mythology (Comparative)
-- 0000148549
908 ## - PUT COMMAND PARAMETER (RLIN)
Put command parameter 070126
950 ## - LOCAL HOLDINGS (RLIN)
-- 1
Holdings
Withdrawn status Lost status Source of classification or shelving scheme Not for loan Home library Current library Date acquired Total Checkouts Full call number Barcode Date last seen Date last checked out Price effective from Koha item type
    Library of Congress Classification   Kabarak, Main Campus Kabarak, Main Campus 17/12/2015 1 BL313 .S26 000174 15/10/2024 11/10/2024 17/12/2015 General Collection